000
00207nam a2200097Ia 4500
008
190216s9999||||xx |||||||||||||| ||und||
100
_a
Tatapuram Sukumaran
245
0
_a
Athani
260
_b
Null
942
_c
BK
999
_c
24446
_d
24446